| 000 | 00858cam a2200205 4500 | ||
|---|---|---|---|
| 001 | WB3731-44 | ||
| 008 | 010809n2001 000 0 eng u | ||
| 035 | _a(Sirsi) u114045 | ||
| 245 | _aCBI calls for RDA shake-up | ||
| 260 | _c2001 | ||
| 490 |
_aCBI News _v8 August 2001, (3) |
||
| 520 | _aA CBI report "Getting down to business" calls for regional development agencies (RDAs) to undergo significant changes to improve their performance. The report suggests that small budgets, government interference and heavy workloads have prevented RDAs from delivering economic regeneration to the business community. Summary of report available at http://www.cbi.org.uk | ||
| 590 | _aWB | ||
| 650 | _aREGIONAL DEVELOPMENT AGENCIES | ||
| 650 | _aRDAS | ||
| 650 | _aECONOMIC GROWTH | ||
| 650 | _aBUSINESS COMMUNITY | ||
| 690 | _aREGENERATION | ||
| 942 | _n0 | ||
| 999 |
_c67978 _d67978 |
||